Governmentality :power and rule in modern society / (Record no. 3566)

000 -LEADER
fixed length control field 01453cam a2200385 a 4500
001 - CONTROL NUMBER
control field 207856
003 - CONTROL NUMBER IDENTIFIER
control field OSt
005 - DATE AND TIME OF LATEST TRANSACTION
control field 20161014122942.0
008 - FIXED-LENGTH DATA ELEMENTS--GENERAL INFORMATION
fixed length control field 990617s1999 enk b 001 0 eng d
010 ## - LIBRARY OF CONGRESS CONTROL NUMBER
LC control number 99072774
015 ## - NATIONAL BIBLIOGRAPHY NUMBER
National bibliography number GB99-Z5538
020 ## - INTERNATIONAL STANDARD BOOK NUMBER
International Standard Book Number 0803975880
020 ## - INTERNATIONAL STANDARD BOOK NUMBER
International Standard Book Number 0803975899 (pbk.)
035 ## - SYSTEM CONTROL NUMBER
System control number (OCoLC)ocm40646681
040 ## - CATALOGING SOURCE
Original cataloging agency UKM
Transcribing agency UKM
Modifying agency C#P
-- FAS
-- DLC
042 ## - AUTHENTICATION CODE
Authentication code lccopycat
050 00 - LIBRARY OF CONGRESS CALL NUMBER
Classification number JC330.D39 1999
082 00 - DEWEY DECIMAL CLASSIFICATION NUMBER
Classification number 303.3
Edition number 21
100 1# - MAIN ENTRY--PERSONAL NAME
Personal name Dean, Mitchell,
Dates associated with a name 1955-
245 10 - TITLE STATEMENT
Title Governmentality :power and rule in modern society /
Statement of responsibility, etc Mitchell Dean.
260 ## - PUBLICATION, DISTRIBUTION, ETC. (IMPRINT)
Place of publication, distribution, etc London ;
-- Thousand Oaks, Calif. :
Name of publisher, distributor, etc Sage Publications,
Date of publication, distribution, etc 1999.
300 ## - PHYSICAL DESCRIPTION
Extent vi, 229 p. ;
Dimensions 24 cm.
504 ## - BIBLIOGRAPHY, ETC. NOTE
Bibliography, etc Includes bibliographical references (p. [213]-222) and index.
650 #0 - SUBJECT ADDED ENTRY--TOPICAL TERM
Topical term or geographic name as entry element Power (Social sciences)
650 #0 - SUBJECT ADDED ENTRY--TOPICAL TERM
Topical term or geographic name as entry element Authority.
650 #0 - SUBJECT ADDED ENTRY--TOPICAL TERM
Topical term or geographic name as entry element Social structure.
650 #0 - SUBJECT ADDED ENTRY--TOPICAL TERM
Topical term or geographic name as entry element State, The.
650 #7 - SUBJECT ADDED ENTRY--TOPICAL TERM
Topical term or geographic name as entry element Structure sociale.
Source of heading or term ram
650 #7 - SUBJECT ADDED ENTRY--TOPICAL TERM
Topical term or geographic name as entry element Pouvoir (sciences sociales).
Source of heading or term ram
856 42 - ELECTRONIC LOCATION AND ACCESS
Materials specified Publisher description
Uniform Resource Identifier <a href="http://www.loc.gov/catdir/enhancements/fy0658/99072774-d.html">http://www.loc.gov/catdir/enhancements/fy0658/99072774-d.html</a>
856 41 - ELECTRONIC LOCATION AND ACCESS
Materials specified Table of contents only
Uniform Resource Identifier <a href="http://www.loc.gov/catdir/enhancements/fy0658/99072774-t.html">http://www.loc.gov/catdir/enhancements/fy0658/99072774-t.html</a>
906 ## - LOCAL DATA ELEMENT F, LDF (RLIN)
a 7
b cbc
c copycat
d 2
e ncip
f 19
g y-gencatlg
942 ## - ADDED ENTRY ELEMENTS (KOHA)
Source of classification or shelving scheme
Koha item type Book
Holdings
Withdrawn status Lost status Source of classification or shelving scheme Damaged status Not for loan Home library Current library Shelving location Date acquired Total Checkouts Total Renewals Full call number Barcode Date last seen Date checked out Copy number Price effective from Koha item type
          Riara University Library Riara University Library General stack 14/10/2016 2 1 JC330.D39 1999 7156/16 17/11/2022 31/10/2022 C.1 14/10/2016 Book

Riara University Library,
P.O. Box 49940-00100,
Nairobi, Kenya.